000 00332nam a2200145Ia 4500
008 150201s1985 xx 000 0 und d
082 _a610.7367
_bS1985W
100 _aWILSON
245 _aSURGICAL NURSING
250 _a11TH
260 _bBAILIERE TINDALL
_aDELHI
_c1985
300 _a1-180
650 _aSURGERY
942 _2ddc
_cBK
999 _c3997
_d3997